000 00628cam a22002057i 4500
999 _c226
_d226
020 _a9781305079243
050 0 0 _aQD31.3
_b.Z9
100 1 _aZumdahl, Steven S.,
245 1 0 _aChemistry :
_ban atoms first approach /
_cSteven S. Zumdahl, University of Illinois, Susan A. Zumdahl, University of Illinois.
250 _aSecond edition.
260 _aUSA:
_bD. C. Heath and Copany
_c1989
300 _a1 volume (various pagings) :
_bcolor illustrations ;
_c28 cm
500 _aIncludes index.
650 0 _aChemistry
650 0 _aAtoms
650 7 _aAtoms.
650 7 _aChemistry.
700 1 _aZumdahl, Susan A.,
942 _cBK